000 00360pam a2200157a 44500
008 230515b2005 xxu||||| |||| 00| 0 eng d
020 _aNULL
041 _aENG
082 _a616
100 _aP C DAS & P K DAS
245 _aTEXT BOOK OF MEDICINE
250 _aNULL
260 _aNULL
_bCURRENT BOOK INTERNATIONAL
_c2005
300 _a640
650 _aN.D.
999 _c526587
_d526587